000 00564nam a2200193Ia 4500
005 20250508160536.0
008 008 250505s9999 xx 000 0 eng d
037 _aTextual
040 _aFEDL
_beng
_cFEDL
041 _aeng
_2eng
084 _a372.2102, GRE
_qFEDL
100 _aGreen Marjorie M
245 0 _aNursery school handbook for teachers and parents
260 _aDelhi, India
_bUniversal Book Stall
_c1969
300 _a109p.
700 _a Woods Elizabeth L
_9768760
942 _cTEXL
_h372.2102, GRE
999 _c1365259
_d1365259